00319nam a2200109 a 4500008004100000050001600041100003000057245006500087260002600152350000900178700002200187120416s1990 ||||||||||||||||| || u aHD 6953 But aRutabanzibwa-Ngaiza, Jean10aParticipation and development in Eastern and Southern Africa aCanadabI.D.R.Cc1990 a0.00 aButegwa, Frolence